Νάξος : ανάδειξη αρχαιολογικών χώρων = Naxos : presentation of the archaeological sites

Αποθηκεύτηκε σε:
Λεπτομέρειες βιβλιογραφικής εγγραφής
Συγγραφή απο Οργανισμό/Αρχή: Υπουργείο Αιγαίου
Μορφή: Βιβλίο
Γλώσσα:Greek
English
Δημοσίευση: Αθήνα : Υπουργείο Αιγαίου, 1997.
Θέματα:
Ετικέτες: Προσθήκη ετικέτας
Δεν υπάρχουν, Καταχωρήστε ετικέτα πρώτοι!

MARC

LEADER 00000cam a2200000 i 4500
001 1/32185
008 060712s1997####gr | | ||| |||| ||gre||
020 |a 960-7859-00-6  
035 |l 10084611 
040 |a GR-MY-UA  |b gre  |e aacr 
041 0 |a gre  |a eng 
082 0 |a 722.80938   |2 (22)  
110 2 |a Υπουργείο Αιγαίου. 
245 1 0 |a Νάξος :   |b ανάδειξη αρχαιολογικών χώρων = Naxos : presentation of the archaeological sites /  |c Υπουργείο Αιγαίου.  
246 1 |i Παράλληλος τίτλος:   |a Naxos :   |b presentation of the archaeological sites  
260 |a Αθήνα :   |b Υπουργείο Αιγαίου,   |c 1997.  
300 |a 33 σ. :   |b εικ., χάρτ. ;   |c 23 εκ.  
651 0 |a Naxos Island (Greece)  |x Antiquities. 
852 |a INST  |b LESVOS  |e 20060712  |h 722.80938 ΥΠΟ  |p 005100036263  |q 005100036263  |t BK  |y 0 
901 |a BIBL1-2006-2 
970 |a ΚΑΡΑ  |b ΓΙΑΣΕΜΗ  |z 2006/07/12